| 000 | 00604nam a2200181 a 4500 | ||
|---|---|---|---|
| 005 | 20140310183224.0 | ||
| 008 | 970101s19uu xx 00 eng d | ||
| 020 | _a0-671-53407-6 | ||
| 050 |
_aPC 2640 _b.L332 1996 |
||
| 245 |
_aLarousse's French- English, English- French dictionary : _bdictionaire Larousse Francais- Anglais, Anglais- Francais. |
||
| 250 | _aAll-new ed. | ||
| 260 |
_aNew York : _bPocket Books, _c1996. |
||
| 300 |
_a354 p.: _c17 cm. |
||
| 650 |
_aFrench language _xDictionaries _xEnglish. |
||
| 650 |
_aEnglish language _xDictionaries _xFrench. |
||
| 942 |
_cBK _2lcc |
||
| 999 |
_c20378 _d20378 |
||